banner-ar

الاعلام الجنائى : (Record no. 61477)

MARC details
000 -الفاتح
حقل البيانات ثابتة الطول 01369nam a22003017a 4500
005 - وقت وتاريخ اخر تعامل مع التسجيلة
رقم الضبط 20240530110501.0
008 - عناصر البيانات ثابتة الطول - معلومات عامة
حقل البيانات ثابتة الطول 150704s2013 jo g b||| 000 0 ara d
017 ## - رقم الايداع القانونى
رقم الايداع القانونى 2012/10/3820
المصدر ( الهيئة المختصة) الاردن . دائرة المكتبات الوطنية
020 ## - الرقم الدولى المعيارى للكتب
الرقم الدولى المعيارى للكتاب 9789957544751
040 ## - مصدر الفهرسة
وكالة الفهرسة الأصلية EG-CaGPL
082 04 - رقم تصنيف ديوى العشرى
رقم الطبعة 21
رقم التصنيف 302.23 \
رقم المادة ب أ
100 0# - المدخل الرئيسى - إسم شخصى
الإسم الشخصى بهاء الدين محمد حمدى
245 12 - بيان العنوان
العنوان الاعلام الجنائى :
بقية العنوان واثارة فى الحد من الجريمة ومحاربة الفساد وتطوير القطاع العام /
بيان المسئوليه,etc بهاء الدين محمد حمدى
250 ## - بيان الطبعة
بيان الطبعة ط 1 .
260 ## - PUBLICATION, DISTRIBUTION, ETC. (IMPRINT)
تاريخ النشر أو التوزيع 2013 .
300 ## - الوصف المادى
التعداد ص 166 ؛
أبعاد الوعاء 24 سم .
504 ## - تبصرة ببليوجرافية
تبصرة ببليوجرافية,الخ ببليوجرافيات : ص 161- 166 .
650 04 - المدخل الاضافى بالموضوع-مصطلح موضوعى
مصطلح موضوعي الاعلام
650 04 - المدخل الاضافى بالموضوع-مصطلح موضوعى
مصطلح موضوعي وسائل الاعلام
650 04 - المدخل الاضافى بالموضوع-مصطلح موضوعى
مصطلح موضوعي الجريمة
650 04 - المدخل الاضافى بالموضوع-مصطلح موضوعى
مصطلح موضوعي الاعلام الجنائى
650 04 - المدخل الاضافى بالموضوع-مصطلح موضوعى
مصطلح موضوعي الجرائم الاقتصادية
650 04 - المدخل الاضافى بالموضوع-مصطلح موضوعى
مصطلح موضوعي جرائم الاموال
650 04 - المدخل الاضافى بالموضوع-مصطلح موضوعى
مصطلح موضوعي حقوق الانسان
التقسيم الفرعي العام قانون دولى
650 04 - المدخل الاضافى بالموضوع-مصطلح موضوعى
مصطلح موضوعي الاعلام الجنائى
التقسيم الفرعي العام قانون دولى
942 ## - عناصر المدخل الإضافي( كوها)
مصدر التصنيف او مخطط الترفيف Dewey Decimal Classification
Koha [default] item type كتاب
260 ## - PUBLICATION, DISTRIBUTION, ETC. (IMPRINT)
-- عمان :
-- دار الراية للنشر والتوزيع ،
Holdings
حالة التراجع حالة الفقد حالة تلف ليس للاعارة المكان المؤقت الموقع الحالى تاريخ الاكتساب اجمالي اﻻعارات رقم الطلب الباركود تاريخ اخر مشاهدة تاريخ تفعيل السعر نوع وعاء كوها
        مكتبة القاهرة الكبرى مكتبة القاهرة الكبرى 07/04/2015   302.23 \ ب أ 160777 07/04/2015 07/04/2015 كتاب

Powered By

EGPV